Les muscles dans le corps humain - Statistiques

Statistiques générales
  • Ce quiz a été pris 237 fois
  • Le résultat moyen est 16 sur 30
Statistiques - réponses
Question Réponse % Correct
Le muscle carré des lombes se trouve dans le dos
81%
La branche de l'anatomie qui traite des muscles est la myologie
81%
Un muscle ne peut pas être Rétenseur
81%
Le mollet est la loge... de la jambe postérieure
77%
Il n'existe pas de muscle... Quinquacipal
77%
Les muscles de l'éminence Thénar sont dans le pouce
74%
Quel type de muscle n'existe pas ? Surfaciels
74%
Les muscles dit du membre inférieur ne se situent pas... dans la ceinture pelvienne
71%
On appelle les muscles glutéaux les Fessiers
71%
Quels muscles ne se trouvent pas dans le cou ? Masséters
71%
Quel muscle existe dans l'épaule ? Dentelé
68%
Quel muscle n'existe pas dans la langue ? gyne-glosse
68%
Quels muscles intercostaux n'existent pas ? Intermédiaires
68%
Quel muscle se trouve dans le bras ? Triceps
58%
Le corps humain compte environ... 600 muscles
55%
Pour bouger un oeil, il faut... 14 muscles
52%
Quel muscle est creux ? le coeur
48%
Une inflammation des muscles ne peut pas être appelée Musclosite
48%
Le muscle procérus se trouve sur la face
45%
Quel musclé strié n'existe pas Digastrique
42%
Dans la nuque, il y a 28 muscles
39%
Quel muscle est en nombre impair dans le corps ? orbiculaire de la bouche
35%
Il y a des muscles dans l'oreille moyenne Oui, 4
35%
Quel muscle ne fait pas partie des muscles profonds de la face ? le risorius
32%
Les muscles de la face sont aussi appelés musclles de la mimique
29%
Le muscle coccygien... existe
26%
Il existe des muscles dit du palais mou ? Oui, et ils sont 17
26%
Dans le pied, il existe de nombreux muscles, au total... 26
23%
Quelle affirmation est fausse ? L'avant-bra compte 3 groupes de muscles
23%
Quelle famille de muscle n'est pas dans le tronc ? Viscéraux
23%
Aucun quiz correspondant
Distribution des résultats
% des personnes avec chaque résultat
Percentile par nombre de réponses
Votre historique - résultats
Vous n’avez pas pris ce quiz